Rat - Penelope Scott (all lyrics) - Statistics

General Stats
  • This quiz has been taken 313 times
  • The average score is 445 of 607
Answer Stats
Lyrics % Correct
a
99%
I
99%
and
96%
And
96%
me
94%
the
94%
The
94%
who
94%
go
93%
you
92%
You
92%
come
91%
from
91%
God
91%
mean
91%
sci
90%
be
89%
in
89%
men
89%
of
89%
They
89%
it
88%
It
88%
scientists
88%
so
88%
So
88%
To
88%
to
88%
When
88%
when
88%
your
87%
Your
87%
do
86%
Just
86%
just
86%
kill
86%
want
86%
White
86%
true
85%
ever
84%
like
84%
make
84%
was
84%
high
83%
loved
83%
tech
83%
were
83%
We're
83%
we're
83%
wanted
82%
atheists
81%
comp
81%
f*ck
81%
F*ck
81%
should
81%
Should
81%
technology
80%
us
80%
daddy
79%
for
79%
For
79%
as
78%
As
78%
because
78%
Because
78%
feel
78%
good
78%
is
78%
name
78%
But
77%
public
77%
everything
76%
f*cking
76%
fell
76%
her
76%
it's
76%
quality
76%
what
76%
power
75%
Church
74%
church
74%
lived
74%
real
74%
taught
74%
any
73%
complex
73%
here
73%
moon
72%
success
72%
thought
72%
tunnels
72%
used
72%
beautiful
71%
half
71%
physiological
71%
take
71%
Take
71%
That
71%
Experiments
70%
You're
70%
you're
70%
all
69%
All
69%
damn
69%
great
69%
something
69%
studied
69%
bit
68%
could
67%
tragedy
67%
code
66%
lie
66%
by
65%
If
65%
if
65%
meant
65%
never
65%
this
65%
alone
64%
elitist
64%
first
64%
apple
63%
don't
63%
girl
63%
on
63%
said
63%
stupid
63%
baby
62%
born
62%
Rocket
62%
vulnerable
62%
been
61%
class
61%
higher
61%
I'm
61%
man
61%
stars
61%
worth
61%
net
60%
are
59%
ass
59%
flawed
59%
see
59%
abused
58%
f*cked
58%
kick
58%
Has
56%
hope
56%
hot
56%
would
56%
raised
55%
trusted
55%
wanna
55%
land
54%
sacrilege
54%
flamethrowers
53%
insane
53%
piece
53%
pretend
53%
train
53%
am
52%
why
52%
coast
51%
colonize
51%
more
51%
One
51%
Pictures
51%
sand
51%
turn
51%
west
51%
Darwin's
50%
dogma
50%
dream
50%
then
50%
cars
49%
dumb
49%
mankind
49%
naive
49%
only
49%
school
49%
Tesla
49%
immodest
48%
proposal
48%
tastes
48%
Thomas
48%
we've
48%
cry
47%
part
47%
ships
47%
someday
47%
worst
47%
again
46%
another
46%
makes
46%
rides
46%
sky
46%
they're
46%
with
46%
With
46%
have
45%
traumatized
45%
bought
44%
b*tch
44%
Edison
44%
my
44%
Bred
43%
broke
43%
embarrassed
43%
hearts
43%
prep
43%
promised
43%
realized
43%
bullsh*t
42%
circuit
42%
you'd
42%
can't
41%
I'd
41%
our
41%
start
40%
apart
39%
boards
39%
eat
39%
humanity
39%
still
39%
believe
38%
goddamn
38%
need
38%
rich
38%
sometimes
38%
tore
38%
d*ck
37%
money
37%
someone
37%
brand
36%
faux
36%
last
36%
new
36%
same
36%
sh*t
36%
toured
36%
very
36%
words
36%
about
35%
could've
35%
earth
35%
get
35%
rockets
35%
bet
34%
call
34%
jack
34%
Malthus
34%
guilty
33%
Let
33%
level
33%
machines
33%
rad
33%
speak
32%
taken
32%
blood
31%
game
31%
hero's
31%
patent
31%
took
31%
paid
30%
worse
30%
'cuz
29%
deserve
29%
or
29%
would've
29%
cash
28%
fate
28%
might
28%
Selmers
28%
Well
28%
life
27%
tuition's
27%
help
26%
No matching quizzes found
Score Distribution
Percent of People with Each Score
Percentile by Number Answered
Your Score History
You have not taken this quiz